Statistics for Canada Cities Map Quiz

Click here to take the quiz!

General Stats

  • This quiz has been taken 66,142 times
    (37,105 since last reset)
  • The average score is 13 of 21

Answer Stats

Answer % Correct
Toronto
80%
Vancouver
77%
Quebec City
76%
Montreal
70%
Ottawa
69%
Calgary
68%
Victoria
67%
Halifax
65%
Yellowknife
64%
Winnipeg
64%
St. John's
64%
Iqaluit
60%
Regina
58%
Edmonton
57%
Thunder Bay
55%
Windsor
51%
Whitehorse
49%
Charlottetown
47%
Fort
McMurray
45%
Churchill
42%
Sault Ste.
Marie
40%

Score Distribution

Percentile by Number Answered

Percent of People with Each Score

Your Score History

You have not taken this quiz since the last reset